Formel 1 Podium 1962 - Statistiken

Allgemein
  • Dieses Quiz wurde 38 mal gespielt
  • Das Durchschnittsergebnis liegt bei 6 aus 10
Antwortstatistiken
Antwort % Korrekt
Jim Clark
100%
Graham Hill
95%
Phil Hill
95%
John Surtees
86%
Bruce Mclaren
73%
Dan Gurney
68%
Richie Ginther
64%
Lorenzo Bandini
27%
Anthony Maggs
23%
Trevor Taylor
14%
Keine übereinstimmenden Quizze gefunden
Verteilung der Resultate
Anzahl Personen mit jedem Resultat
Perzentil nach korrekt beantworteten Fragen
Ihre Resultats-Entwicklung
Sie haben dieses Quiz noch nicht gespielt